000
00319nam a2200121 a 4500
005
20140414131902.0
008
100921s19uu xx 00 eng d
050
_a
FIC
_b
G56 2004
100
_a
Golden, Christopher
245
4
_a
Outcast :
_b
dragon secrets.
260
_a
New York :
_b
Scholastic ,
_c
2004.
999
_c
110746
_d
110746